Historia y geografía 7

Uloženo v:
Podrobná bibliografie
Hlavní autoři: Duchens Soto, Nancy (Autor), Schmidt Valdivia, Bernardita (Autor)
Médium: Kniha
Jazyk:španělština
Vydáno: Santiago Santillana 1983
Edice:Textos escolares para la educación general básica
Témata:
Tagy: Přidat tag
Žádné tagy, Buďte první, kdo vytvoří štítek k tomuto záznamu!

MARC

LEADER 00000nam a2200000 a 4500
001 UCW3536
003 CL-VaPUC
008 881104e19830000CL |||||||||||||||||spa|d
082 0 4 |a 372.89  |b DUC  |2 21 
100 0 |a Duchens Soto, Nancy  |e author  |9 307797 
700 0 |a Schmidt Valdivia, Bernardita  |e author  |9 307798 
245 1 0 |a Historia y geografía 7 
300 |a 192 p 
942 |c BK 
945 |d 19881104 00:00:00 
260 |a Santiago  |b Santillana  |c 1983 
650 0 |a Historia universal  |9 266877 
650 0 |a Libros de texto  |9 270019 
651 7 |a CHILE  |2 CL-VaPUC  |9 307799 
583 |a last modification  |c 19881104 00:00:00  |k Rodrigo Vera 
490 0 |a Textos escolares para la educación general básica 
999 |c 217505  |d 217503 
952 |0 0  |1 0  |4 0  |6 372_890000000000000_DUC_1983  |7 0  |8 P  |9 205233  |a BIBEDU  |b BIBEDU  |c BIBEDU_PB  |d 2019-11-15  |i 2731789  |o 372.89 DUC 1983  |p 2731789  |r 2024-01-25  |w 2019-11-15  |y BK  |k EDU 
952 |0 0  |1 0  |4 0  |6 372_890000000000000_DUC_1983  |7 0  |8 P  |9 205234  |a BIBEDU  |b BIBEDU  |c BIBEDU_PB  |d 2019-11-15  |i 2731797  |o 372.89 DUC 1983  |p 2731797  |r 2024-01-25  |w 2019-11-15  |y BK  |k EDU 
952 |0 0  |1 0  |4 0  |6 372_890000000000000_DUC_1983  |7 0  |8 P  |9 205235  |a BIBEDU  |b BIBEDU  |c BIBEDU_PB  |d 2019-11-15  |i 2731800  |o 372.89 DUC 1983  |p 2731800  |r 2024-01-25  |w 2019-11-15  |y BK  |k EDU 
952 |0 0  |1 0  |4 0  |6 372_890000000000000_DUC_1983  |7 0  |8 P  |9 205237  |a BIBEDU  |b BIBEDU  |c BIBEDU_PB  |d 2019-11-15  |i 1546945  |o 372.89 DUC 1983  |p 1546945  |r 2024-01-25  |w 2019-11-15  |y BK  |k EDU